| 000 | 00805nam a2200241 4500 | ||
|---|---|---|---|
| 001 | 75800 | ||
| 003 | BD-RjUL | ||
| 005 | 20211209082740.0 | ||
| 008 | 190709s1976 ii ||||||||b| 00| 0 eng d | ||
| 020 | _c: IRs. 155.00 | ||
| 035 | _a(BD-RjUL)76019 | ||
| 040 |
_aBD-RjUL _beng _cBD-RjUL _dBD-RjUL |
||
| 041 | _aeng | ||
| 082 |
_223 _a016.324254 _bGHI 1976 |
||
| 100 | 1 | _4Ghosh, Arun | |
| 245 |
_aIndian Political Movement, 1919-1971 : _bA Systematic Bibliography / _cArun Ghosh, Ranjit Ghosh |
||
| 260 |
_aCalcutta: _bIndia Book Exchange, _c1976 |
||
| 300 |
_axviii, 499, [1] p. ; _c24 cm |
||
| 650 |
_aPolitical parties _zIndia . _xBibliography. . _9232287 |
||
| 651 |
_aIndia _xPolitics and government _vBibliography. _9232288 |
||
| 700 |
_aGhosh, Ranjit , Jt. auth. _9232294 |
||
| 942 |
_2ddc _cREF |
||
| 999 |
_c75800 _d75800 |
||